[Event "Kazan BRICS Games Blitz Team"]
[Site "Kazan"]
[Date "2024.06.21"]
[Round "5.13"]
[White "Ynojosa Aponte, Felix Jose"]
[Black "Kodoev, Andrei"]
[Result "1-0"]
[WhiteElo "2387"]
[BlackElo "1609"]
[PlyCount "57"]
[EventDate "2024.06.21"]
[EventType "team-swiss (blitz)"]
[EventRounds "11"]
[EventCountry "RUS"]
[SourceTitle "CBM 220 Extra"]
[Source "ChessBase"]
[SourceDate "2024.07.31"]
[SourceVersion "1"]
[SourceVersionDate "2024.07.31"]
[SourceQuality "1"]
[WhiteTeam "Venezuela"]
[BlackTeam "South Ossetia"]
[WhiteTeamCountry "VEN"]
[BlackTeamCountry "RUS"]

1. c4 Nf6 2. Nc3 e6 3. e4 d6 4. d4 e5 5. d5 a5 6. Be2 Na6 7. f3 Nc5 8. Be3 b6 9. a3 Be7 10. b4 axb4 11. axb4 Rxa1 12. Qxa1 Nb3 13. Qa4+ Bd7 14. Qxb3 0-0 15. Bd1 Nh5 16. g3 f5 17. Nge2 f4 18. gxf4 exf4 19. Bf2 Bh4 20. Bxh4 Qxh4+ 21. Kd2 Qf2 22. Nb5 Bh3 23. Nxc7 Bg2 24. Re1 Bxf3 25. Ne6 Re8 26. Qc3 Bxe4 27. Qd4 Qg2 28. Rg1 Qxh2 29. Rxg7+ 1-0

[Event "Kazan BRICS Games Blitz"]
[Site "Kazan"]
[Date "2024.06.19"]
[Round "4"]
[White "Bongo Akanga Ndjila, Barthelemy"]
[Black "Kodoev, Andrei"]
[Result "0-1"]
[WhiteElo "1894"]
[BlackElo "1609"]
[PlyCount "122"]
[EventDate "2024.06.19"]
[EventType "swiss (blitz)"]
[EventRounds "11"]
[EventCountry "RUS"]
[SourceTitle "CBM 220 Extra"]
[Source "ChessBase"]
[SourceDate "2024.07.31"]
[SourceVersion "1"]
[SourceVersionDate "2024.07.31"]
[SourceQuality "1"]

1. d4 Nf6 2. c4 e6 3. Nc3 Bb4 4. e3 0-0 5. Nge2 d5 6. cxd5 exd5 7. a3 Bd6 8. Ng3 Re8 9. Be2 c6 10. 0-0 Nbd7 11. Qc2 Nf8 12. b4 a6 13. Na4 Be6 14. Nc5 Qc7 15. Re1 Ng6 16. Bb2 Rad8 17. a4 Bc8 18. b5 axb5 19. axb5 b6 20. Na6 Bxa6 21. Rxa6 cxb5 22. Qxc7 Bxc7 23. Rea1 b4 24. Bb5 Rf8 25. Ra7 Bxg3 26. hxg3 Ne4 27. Rb7 Rb8 28. Raa7 Nc3 29. Bd3 Rxb7 30. Rxb7 Rc8 31. Rxb6 Na2 32. Rxb4 Nxb4 33. Bf5 Rb8 34. Ba3 Nc6 35. Bd6 Rd8 36. Bc7 Re8 37. Bd7 Re7 38. Bxc6 Rxc7 39. Bxd5 Ne7 40. Bf3 f6 41. d5 Rd7 42. e4 Kf7 43. g4 g6 44. Kh2 f5 45. gxf5 gxf5 46. Kg3 fxe4 47. Bxe4 Nxd5 48. f4 Kf6 49. Kf3 h6 50. g4 Nc3 51. Bc2 Rd2 52. Bh7 Kg7 53. Bf5 Kf6 54. Bh7 Rd8 55. Ke3 Nd5+ 56. Ke4 Ne7 57. Ke3 Ng6 58. f5 Ne5 59. Kf4 Rh8 60. Bg6 Nxg6+ 61. fxg6 Kxg6 0-1

[Event "Kazan BRICS Games Blitz"]
[Site "Kazan"]
[Date "2024.06.19"]
[Round "8"]
[White "Kodoev, Andrei"]
[Black "Eichab, Charles Sidney"]
[Result "1-0"]
[WhiteElo "1609"]
[BlackElo "2013"]
[PlyCount "49"]
[EventDate "2024.06.19"]
[EventType "swiss (blitz)"]
[EventRounds "11"]
[EventCountry "RUS"]
[SourceTitle "CBM 220 Extra"]
[Source "ChessBase"]
[SourceDate "2024.07.31"]
[SourceVersion "1"]
[SourceVersionDate "2024.07.31"]
[SourceQuality "1"]

1. e4 c5 2. Nf3 g6 3. c4 Bg7 4. d4 cxd4 5. Nxd4 Nc6 6. Be3 Nf6 7. Nc3 0-0 8. Be2 d6 9. 0-0 a5 10. b3 Nd7 11. Rc1 Nc5 12. Qd2 Nxd4 13. Bxd4 Be6 14. Rfd1 f5 15. Bxg7 Kxg7 16. Qd4+ Kg8 17. e5 Qc8 18. exd6 exd6 19. Qxd6 Rd8 20. Qe5 Re8 21. Nd5 Bxd5 22. Qxd5+ Kg7 23. Bf3 Re7 24. Qd6 Ra6 25. Qxe7+ 1-0

[Event "Kazan BRICS Games Blitz"]
[Site "Kazan"]
[Date "2024.06.19"]
[Round "7"]
[White "Shavlohov, Georgiy"]
[Black "Kodoev, Andrei"]
[Result "1/2-1/2"]
[WhiteElo "1928"]
[BlackElo "1609"]
[PlyCount "88"]
[EventDate "2024.06.19"]
[EventType "swiss (blitz)"]
[EventRounds "11"]
[EventCountry "RUS"]
[SourceTitle "CBM 220 Extra"]
[Source "ChessBase"]
[SourceDate "2024.07.31"]
[SourceVersion "1"]
[SourceVersionDate "2024.07.31"]
[SourceQuality "1"]

1. e4 e6 2. d4 d5 3. Nd2 dxe4 4. Nxe4 Nd7 5. Nf3 Ngf6 6. Ng3 c5 7. Be2 Be7 8. 0-0 0-0 9. c4 cxd4 10. Nxd4 a6 11. Be3 Qc7 12. Rc1 b6 13. Nb3 Bb7 14. Bf3 Rac8 15. Qe2 Nc5 16. Nxc5 Bxc5 17. Bxc5 Bxf3 18. Qxf3 Qxc5 19. Rfd1 b5 20. b3 h6 21. Ne4 Nxe4 22. Qxe4 bxc4 23. Rxc4 Qb6 24. Rdc1 Rxc4 25. Qxc4 Rd8 26. Qc3 Qd4 27. h3 Qxc3 28. Rxc3 Rd1+ 29. Kh2 Rd2 30. a4 Rxf2 31. Rc8+ Kh7 32. Ra8 Rb2 33. Rxa6 Rxb3 34. a5 Ra3 35. Kg1 Ra2 36. Kf1 Kg6 37. Ra8 h5 38. Ra7 h4 39. Kg1 Kf6 40. Kf1 Kg6 41. a6 f6 42. Ra8 e5 43. Kg1 Kf5 44. Rg8 g5 1/2-1/2

[Event "Kazan BRICS Games Blitz"]
[Site "Kazan"]
[Date "2024.06.19"]
[Round "9"]
[White "Shiferaw, Yalemzewde Mekonnen"]
[Black "Kodoev, Andrei"]
[Result "1-0"]
[WhiteElo "2025"]
[BlackElo "1609"]
[PlyCount "109"]
[EventDate "2024.06.19"]
[EventType "swiss (blitz)"]
[EventRounds "11"]
[EventCountry "RUS"]
[SourceTitle "CBM 220 Extra"]
[Source "ChessBase"]
[SourceDate "2024.07.31"]
[SourceVersion "1"]
[SourceVersionDate "2024.07.31"]
[SourceQuality "1"]

1. c4 Nf6 2. g3 e6 3. Bg2 d5 4. Nf3 b6 5. cxd5 exd5 6. 0-0 Be7 7. d4 0-0 8. Nc3 Bb7 9. Bf4 c6 10. Rc1 Re8 11. e3 Nh5 12. Ne5 Nxf4 13. gxf4 Nd7 14. Kh1 f6 15. Nf3 Nf8 16. Rg1 Kh8 17. Nh4 Qd7 18. Qh5 Bd6 19. Bh3 Ne6 20. Nf5 Bf8 21. Nh4 Bc8 22. Bf5 h6 23. Qg6 Kg8 24. Qxf6 Qf7 25. Qxf7+ Kxf7 26. Bg6+ Ke7 27. Bxe8 Kxe8 28. Ng6 Bd6 29. Ne2 Bd7 30. Ne5 Rc8 31. Nxd7 Kxd7 32. f5 Ng5 33. h4 Nf3 34. Rxg7+ Kd8 35. f6 Nxh4 36. Rcg1 Bf8 37. Rg8 Ke8 38. Nf4 Nf5 39. Ne6 Kf7 40. Nxf8 Rxf8 41. Rxf8+ Kxf8 42. Rc1 c5 43. dxc5 Kf7 44. c6 Nd6 45. c7 Nc8 46. Rc6 b5 47. Kg2 a5 48. Kf3 h5 49. Kf4 b4 50. b3 Kg6 51. Ke5 h4 52. Kf4 Kh6 53. Kg4 Kg6 54. Kxh4 Kf5 55. f7 1-0